Datum a čas kvízu
24
Celkem bodů
Celkový počet nahraných bodů na tomto kvízu bez doplňovacích otázek.
7.
Pořadí na kvízu
Konečné umístění týmu na tomto kvízu.
Zaznamenané odpovědi
| # | Otázka | Odpověď | Body | Výsledky |
|---|---|---|---|---|
| 1. | KSČM ve čtvrtek ukončila člens... | Jiří Dolejš | 0 | |
| 2. | V Německu se v neděli konaly p... | CDU/CSU, Friedrich Merz | 1 | |
| 3. | Minulý týden jsme se dozvěděli... | Post Malone | 1 | |
| 4. | Vedení sítě provozoven jistého... | KFC | 0 | |
| 5. | V české fotbalové reprezentaci... | Buffon | 1 | |
| 6. | Nyní se od aktualit přesuneme... | 1B 2D 3A 4C | 1 | |
| 7. | Uveďte odborný název pro skupi... | ichtyosauři | 1 | |
| 8. | Většina fosilií dinosaurů byla... | Burianosaurus augustai | 0.5 | |
| 9. | Americký spisovatel a scenáris... | Michael Crichton | 0 | |
| 10. | Na fotce vidíme mumii a rekons... | Ötzi | 1 |